Szczegóły MARC21

Der arme Spielmann : Erzählungen und Dramen /

003 -Nazwa inst., której nr kontr. jest w polu 001 [,]
    • @
    • Nazwa instytucji, której n kontrolny jest w polu 001
    • NUKAT
005 -DATA I CZAS OSTATNIEJ MODYFIKACJI [,]
    • @
    • pole kontrolne
    • 20241231093405.0
020 -Międzynarod. znormalizowany nr książki - ISBN [ , ]
    • a
    • Numer ISBN
    • 3895070424 Find
040 -Instytucja sporządzająca opis [ , ]
    • a
    • Instytucja, która sporządziła opis (NP)
    • KAT U/46MM
    • c
    • Instytucja, która sporządziła rekord (NP)
    • KAT U/46MMs
    • d
    • Instytucja, która zmodyfikowała rekord (P)
    • KAT U/46MM
942 -Rodzaj dokumentu [ , ]
    • c
    • Rodzaj dokumentu
    • Książka
100 -Hasło główne - nazwa osobowa [1, ]
    • a
    • Nazwa osobowa (NP)
    • Grillparzer, Franz
    • d
    • Daty biograficzne (NP)
    • (1791-1872).
    • 9
    • KHW
    • 67675
240 -Tytuł ujednolicony [1,0]
    • a
    • Tytuł ujednolicony
    • Arme Spielmann
    • l
    • Język tekstu
    • (niem.)
    • 9
    • KHW
    • 568004
245 -Strefa tytułu i oznaczenia odpowiedzialności [1,4]
    • a
    • Tytuł
    • Der arme Spielmann : Find
    • b
    • Ciąg dalszy tytułu (NP)
    • Erzählungen und Dramen / Find
    • c
    • Pozostałe elementy strefy tytułu i oznaczenia odpowiedzialności (NP)
    • Franz Grillparzer ; mit einer Einl. Karl-Heinz Ebnet.
260 -Strefa adresu wydawniczego [ , ]
    • a
    • Miejsce wydania (P)
    • Kehl :
    • b
    • Nazwa wydawcy (P)
    • SWAN Buch-Vertrieb,
    • c
    • Data wydania (P)
    • cop. 1994.
300 -Strefa opisu fizycznego [ , ]
    • a
    • Określenie formy książki i/lub objętość (NP)
    • 282, [3] s. ;
    • c
    • Format (NP)
    • 18 cm.
336 -Typ zawartości [ , ]
    • a
    • Termin opisujący typ zawartości
    • Tekst
    • b
    • Kod określający zawartość
    • txt
    • 2
    • Źródło (terminu i kodu)
    • rdacontent
337 -Typ mediów [ , ]
    • a
    • Tryb odtwarzania
    • Bez urządzenia pośredniczącego
    • b
    • Kod typu mediów
    • n
    • 2
    • Źródło (terminu i kodu)
    • rdamedia
338 -Typ/rodzaj nośnika [ , ]
    • a
    • Hasło opisujące typ nośnika
    • Wolumin
    • b
    • Kod typu nośnika
    • nc
    • 2
    • Źródło (terminu i kodu)
    • rdacarrier
490 -Strefa serii i książki wielotomowej - forma nie do wyszukiwania [1, ]
    • a
    • Tytuł (P)
    • Die Deutschen Klassiker Find
830 -Hasło dodatkowe serii i opisu książki wielotomowej - tytuł ujednolicony/tytuł [ ,4]
    • a
    • Tytuł ujednolicony/tytuł (NP)
    • Die Deutschen Klassiker
    • 9
    • KHW
    • 546808
504 -Uwaga dot. bibliogr. załącznikowej [ , ]
    • a
    • Uwaga dot. bibliografii załącznikowej
    • Bibliogr. s. 285.
505 -Uwaga dot. zawartości książki [0, ]
    • a
    • Uwaga dot. zawartości książki
    • Der arme Spielmann ; Das Kloster bei Sendomir ; Die Ahnfrau ; Weh dem, der lügt !
080 -Uniwersalna Klasyfikacja Dziesiętna [ , ]
    • a
    • Symbol klasyfikacji
    • 830-32=30
655 -Hasło w funkcji tematu formalnego [ ,7]
    • a
    • Hasło
    • Nowele austriackie
    • y
    • Określnik chronologiczny
    • 19 w.
    • 2
    • Źródło terminu
    • kaba
    • 9
    • KHW
    • 505430
655 -Hasło w funkcji tematu formalnego [ ,7]
    • a
    • Hasło
    • Dramat austriacki
    • y
    • Określnik chronologiczny
    • 19 w.
    • 2
    • Źródło terminu
    • kaba
    • 9
    • KHW
    • 370753
980 -Symbol UKD [ , ]
    • a
    • UKD
    • 830-32=30
700 -Hasło dodatkowe - nazwa osobowa [1, ]
    • a
    • Nazwa osobowa (NP)
    • Ebnet, Karl-Heinz. Find
    • e
    • Określenie rodzaju współpracy
    • Wstęp
    • 9
    • KHW
    • 635203
700 -Hasło dodatkowe - nazwa osobowa [1,2]
    • a
    • Nazwa osobowa (NP)
    • Grillparzer, Franz Find
    • d
    • Daty biograficzne (NP)
    • (1791-1872).
    • t
    • Tytuł ujednolicony/tytuł (NP)
    • Ahnfrau Find
    • l
    • Język tekstu (NP)
    • (niem.)
    • 9
    • KHW
    • 454663
700 -Hasło dodatkowe - nazwa osobowa [1,2]
    • a
    • Nazwa osobowa (NP)
    • Grillparzer, Franz Find
    • d
    • Daty biograficzne (NP)
    • (1791-1872).
    • t
    • Tytuł ujednolicony/tytuł (NP)
    • Kloster bei Sendomir Find
    • l
    • Język tekstu (NP)
    • (niem.)
    • 9
    • KHW
    • 568002
700 -Hasło dodatkowe - nazwa osobowa [1,2]
    • a
    • Nazwa osobowa (NP)
    • Grillparzer, Franz Find
    • d
    • Daty biograficzne (NP)
    • (1791-1872).
    • t
    • Tytuł ujednolicony/tytuł (NP)
    • Weh dem, der lügt! Find
    • l
    • Język tekstu (NP)
    • (niem.)
    • 9
    • KHW
    • 578249
920 -ISBN [ , ]
    • a
    • ISBN
    • 3-89507-042-4 Find
Lokalizacja Data inwentaryzacji Numer inwentarzowy Status udost. Sygnatura
BM1999-09-22G.14383-3Germ. Literatura austriacka